| 000 | 00505nam a2200169Ia 4500 | ||
|---|---|---|---|
| 003 | GCL | ||
| 008 | 140319s9999 xx 000 0 ara d | ||
| 040 |
_aGCL / _cGCL |
||
| 082 | 0 | 4 |
_a792.015 _bح م |
| 100 | 1 | _aحسن عطية | |
| 245 | 1 | 0 |
_aالمسرح المصرى 1876 - 1890 / _cحسن عطية |
| 300 | _a142 ص | ||
| 490 |
_aسلسلة توثيق المسرح المصرى _v0 |
||
| 650 | 0 | 4 | _aالمسرح - تاريخ ونقد |
| 650 | 0 | 4 | _aالمسرح - تاريخ - مصر |
| 942 |
_2ddc _cBK |
||
| 999 |
_c50071 _d50071 |
||